Gisbert Calabuig. Medicina legal y toxicología (Registro nro. 22044)

Detalles MARC
000 -Cabecera
Campo de control interno 01090nam a2200253Ia 4500
005 - Fecha y hora del registro
control field 20260422113222.0
008 - Elementos de Longitud Fija
fixed length control field 260320s9999||||xx |||||||||||||| ||und||
020 ## - ISBN
ISBN 9788491130963
041 ## - Idioma
Codigo Idioma ESP
082 ## - DEWEY y NOTACIÓN INTERNA
Dewey 614.1
Notación Interna V66
100 ## - AUTOR
Autor denominación Villanueva Cañadas, Enrique,
Término de relación editor
245 #0 - TÍTULO DE MATERIAL BIBLIOGRÁFICO
Título Gisbert Calabuig. Medicina legal y toxicología
250 ## - EDICIÓN
Edición Septima edición
260 ## - CIUDAD, EDITORIAL, AÑO
Ciudad Barcelona :
Nombre de la Editorial Elsevier España,
Año 2019
300 ## - DESCRIPCIÓN
N° Páginas xviii, 1466 páginas :
Otros detalles tablas ;
Dimensiones 28 cm.
650 ## - TEMAS
Temas Tecnología (Ciencias Aplicadas)
653 ## - DESCRIPTORES
Lenguajes no controlado Medicina legal; Toxicología
654 ## - PROGRAMAS
Programa Dpto. de Ciencias de la Salud
856 ## - URL - UBICACIÓN
URI/URL: Enlace exacto del recurso <a href="https://0u216xhg7-y-https-accessmedicina-mhmedical-com.itmsp.museknowledge.com/book.aspx?bookid=1446">https://0u216xhg7-y-https-accessmedicina-mhmedical-com.itmsp.museknowledge.com/book.aspx?bookid=1446</a>
Nota pública: Versión digital <a href="Véase además: Fundamentos de medicina legal. Versión digital">Véase además: Fundamentos de medicina legal. Versión digital</a>
856 ## - URL - UBICACIÓN
URI/URL: Enlace exacto del recurso <a href="https://0u216xhg7-y-https-accessmedicina-mhmedical-com.itmsp.museknowledge.com/">https://0u216xhg7-y-https-accessmedicina-mhmedical-com.itmsp.museknowledge.com/</a>
Nota pública: Versión digital <a href="Véase además: Base de datos McGraw Hill Access Medicina">Véase además: Base de datos McGraw Hill Access Medicina</a>
856 ## - URL - UBICACIÓN
URI/URL: Enlace exacto del recurso <a href="https://0u23fxhjy-y-https-www-clinicalkey-com.itmsp.museknowledge.com/student/login">https://0u23fxhjy-y-https-www-clinicalkey-com.itmsp.museknowledge.com/student/login</a>
Nota pública: Versión digital <a href="Véase además: Base de datos ClinicalKey">Véase además: Base de datos ClinicalKey</a>
942 ## - ELEMENTOS DE KOHA
Tipo de documento Libro
Nombre del creador Justo Noguera
Código de catalogador Margarita Torres
Esquema de clasificación Dewey Decimal Classification
Existencias
Codigo completo Registro Colección Copia número Disponibilidad Tipo de préstamo Biblioteca Actual Procedencia (Biblioteca) Ubicacón Fecha Ingreso Tipo de Adquisición Observación Date last seen Total checkouts Price effective from Tipo de Item Estado del Material Fuente de Clasificación Damaged status Withdrawn status
614.1 V66 1087397 Universidad Católica San Pablo 1 Disponible Disponible Víctor Andrés Belaunde Víctor Andrés Belaunde Planta baja abierta 10/03/2026 Donación Carlos Saavedra 20/03/2026   20/03/2026 Libro Bueno Dewey Decimal Classification